| 000 | 00494nam a2200181Ia 4500 | ||
|---|---|---|---|
| 005 | 20250603144658.0 | ||
| 008 | 250603s9999 xx 000 0 und d | ||
| 020 | _a9789785939668 | ||
| 050 | _aP 87.25 .C66/ | ||
| 100 | _aEdited by Nassir Abba Aji and Ezekiel S. Asemah | ||
| 245 | 0 | _aCommunication, Environment and Sustainable Development in Nigeria | |
| 260 | _aNigeria | ||
| 260 | _bM.O Press and Publishers | ||
| 260 | _c2022 | ||
| 300 | _a411 p | ||
| 650 | _aNigeria | ||
| 942 | _cBK | ||
| 999 |
_c39632 _d39632 |
||